MARC details
| 000 -CABECERA |
| campo de control de longitud fija |
01515nam a2200193 a 4500 |
| 001 - NÚMERO DE CONTROL |
| campo de control |
000000586 |
| 005 - FECHA Y HORA DE LA ÚLTIMA TRANSACCIÓN |
| campo de control |
20240412074158.0 |
| 008 - DATOS DE LONGITUD FIJA--INFORMACIÓN GENERAL |
| campo de control de longitud fija |
081028s2007 dr a 000 j spa d |
| 040 ## - FUENTE DE LA CATALOGACIÓN |
| Centro catalogador/agencia de origen |
DO-SdBNP |
| Lengua de catalogación |
spa |
| Centro/agencia transcriptor |
BNPHU |
| 082 ## - NÚMERO DE LA CLASIFICACIÓN DECIMAL DEWEY |
| Número de clasificación |
RD863.5 |
| Número de documento/Ítem |
V872i |
| 245 00 - MENCIÓN DE TÍTULO |
| Título |
Voces infantiles cuentan : |
| Resto del título |
tradiciones y leyendas puertoplateñas / |
| Mención de responsabilidad, etc. |
recopiladora Emelda Ramos. |
| 260 ## - PUBLICACIÓN, DISTRIBUCIÓN, ETC. |
| Lugar de publicación, distribución, etc. |
Santo Domingo : |
| Nombre del editor, distribuidor, etc. |
Ediciones Renovación, |
| Fecha de publicación, distribución, etc. |
2007. |
| 300 ## - DESCRIPCIÓN FÍSICA |
| Extensión |
105 p. : |
| Otras características físicas |
il. ; |
| Dimensiones |
20 cm. |
| 505 0# - NOTA DE CONTENIDO CON FORMATO |
| Título |
El compromiso de Brugal & Co. para elevar el nivel cultural de los dominicanos -- |
| -- |
Presentación -- |
| -- |
I- Narraciones en el tiempo -- |
| -- |
Los ciclones y Puerto Plata -- |
| -- |
El misterio de Santa Rosa de Lima -- |
| -- |
En la celda de Duarte -- |
| -- |
Un viaje en barco -- |
| -- |
El faro: historia y leyenda -- |
| -- |
El perro ferrocarrilero -- |
| -- |
El terremoto del 46 -- |
| -- |
La calle del doctor Zafra -- |
| -- |
Insignia patria -- |
| -- |
El último día de las hermanas Mirabal -- |
| -- |
Inolvidable tradición -- |
| -- |
II- Mitos, leyendas y apariciones -- |
| -- |
La ciguapa -- |
| -- |
!No la mires a los ojos! -- |
| -- |
La sirena de Puerto Plata -- |
| -- |
¿Realidad o fantasía? -- |
| -- |
Antes de Cofresí -- |
| -- |
El galipote -- |
| -- |
La leyenda de Tiburcio -- |
| -- |
El hombre que pide agua -- |
| -- |
Ballenas de la desembocadura -- |
| -- |
Entre las sombras -- |
| -- |
El chupa cabras -- |
| -- |
El cuervo de Isabel de Torres -- |
| -- |
III- Leyendas urbanas -- |
| -- |
Identificación de las voces infantiles. |
| 586 ## - NOTA DE PREMIOS |
| Nota de premios |
Concurso literario por nuestro país primero, 2007 |
| 650 #0 - PUNTO DE ACCESO ADICIONAL DE MATERIA--TÉRMINO DE MATERIA |
| Término de materia o nombre geográfico como elemento de entrada |
Cuentos dominicanos |
| 9 (RLIN) |
176 |
| 650 #0 - PUNTO DE ACCESO ADICIONAL DE MATERIA--TÉRMINO DE MATERIA |
| Término de materia o nombre geográfico como elemento de entrada |
Literatura dominicana. |
| 9 (RLIN) |
67 |
| 700 12 - PUNTO DE ACCESO ADICIONAL--NOMBRE DE PERSONA |
| Nombre de persona |
Ramos, Emelda, |
| Fechas asociadas al nombre |
1948- |
| 9 (RLIN) |
1915 |